000
00182 a2200085 4500
020
_a
0799329886
082
_a
0940056209
100
_a
De Villiers, Frieda
245
_a
Aljander, Aljander
999
_c
781394
_d
781393
942
_w
13411
_x
Bongani Makatu
_y
13411
_z
Bongani Makatu